Historical highlights of Santa Barbara /

Bibliographic Details
Main Author: Tompkins, Walker A.
Other Authors: Ruiz, Russell A.
Format: Book
Language:English
Published: [Santa Barbara, Calif.] : Santa Barbara National Bank, [1970]
Subjects:

MARC

Tag First Indicator Second Indicator Subfields
LEADER 00000cam a2200000 a 4500
001 in00000011740
005 20151007051702.0
008 880401s1970 caua 00010 eng d
035 |a (OCoLC)17724034 
035 |9 AAA4285AM 
040 |a TXA  |c TXA  |d UtOrBLW 
043 |a n-us-ca 
049 |a TXAM  |c [A10205463] 
050 4 |a F869.S45  |b T65 1970 
100 1 |a Tompkins, Walker A. 
245 1 0 |a Historical highlights of Santa Barbara /  |c [Walker A. Tompkins, Russell A. Ruiz]. 
264 1 |a [Santa Barbara, Calif.] :  |b Santa Barbara National Bank,  |c [1970] 
264 4 |c ©1970 
300 |a 136 pages :  |b illustrations ;  |c 21 cm. 
336 |a text  |b txt  |2 rdacontent 
337 |a unmediated  |b n  |2 rdamedia 
338 |a volume  |b nc  |2 rdacarrier 
651 0 |a Santa Barbara (Calif.)  |x History. 
651 0 |a Santa Barbara (Calif.)  |x Biography. 
700 1 |a Ruiz, Russell A. 
999 |a MARS 
999 f f |s e529593e-04d1-387c-bc0a-54dc33e0fc38  |i ff67ca9f-afa5-302a-b4c7-15c324367de8  |t 0 
952 f f |p ric  |a Texas A&M University  |b Rellis Campus  |c Joint Library Facility  |d Remote Storage  |t 0  |e F869.S45 T65 1970  |h Library of Congress classification  |i unmediated -- volume  |m A14810205463 
998 f f |a F869.S45 T65 1970  |t 0  |l Remote Storage